000 00659nam a22002177a 4500
003 UA-OsUOA
001 59321
007 ta
008 20090319b un ||||| |||| 00| 0 ukr d
100 _aПрімєрова О.К.
090 _a330(477)
_bП77
942 _cSA
040 _aUA-OsUOA
_bukr
_cUA-OsUOA
_dUA-OsUOA
245 _aОцінка участі іноземного капіталу у банківській системі України
300 _aС.54-59
955 _a0
041 _aukr
080 _a330(477)
773 0 _w59318
_tСтатистика України
_dК.
_d2008
_g4
650 7 _a330 Економіка взагалі
_2UDC
999 _c345405
_d345405